| 000 | 00626cam a22002291a 4500 | ||
|---|---|---|---|
| 001 | 5904481 | ||
| 005 | 20171219092022.0 | ||
| 008 | 820728s1917 nyuab b 000 0 fre | ||
| 010 | _a 17021728 | ||
| 035 | _a(OCoLC)8637437 | ||
| 040 |
_aDLC _cVtU _dVtU _dDLC |
||
| 041 | _aeng | ||
| 042 | _apremarc | ||
| 080 | _a038 PIC | ||
| 082 | _a038 PIC | ||
| 100 | 1 | _a23 | |
| 101 | _aFJA | ||
| 245 | 1 | 0 |
_aCortina French-English military manual / _cby Jean A. Picard ; foreword by Major-General Leonard Wood. |
| 504 | _aBibliography: p. 189. | ||
| 906 |
_a7 _bcbc _coclcrpl _du _encip _f19 _gy-gencatlg |
||
| 942 |
_2ddc _cBK |
||
| 999 |
_c39189 _d39189 |
||